Indovina il Film dalla Trama - Anni '90 - Statistics

Statistiche generali
  • Questo quiz è stato fatto 446 volte
  • Il punteggio medio è 14 su 24
Statistiche sulle risposte
Anno Trama Film % Corretto
1990 Durante le vacanze natalizie un bambino deve proteggere da solo la sua abitazione da due ladri. Mamma Ho Perso L'Aereo
98%
1996 Un famoso cestista statunitense aiuta dei famosi personaggi dei cartoon a sconfiggere dei malvagi alieni. Space Jam
84%
1997 Il viaggio inaugurale di un gigante e lussuoso piroscafo finisce in tragedia. Titanic
84%
1995 Due bambini decidono di giocare con un gioco da tavolo trovato in soffitta che inaspettatamente sembra prendere vita. Jumanji
83%
1999 Due amici fondano un circolo segreto di scontri fisici alquanto violenti, che ben presto diventa un ricettacolo di gente frustrata e insoddisfatta della vita. Fight Club
81%
1998 Un vivace trentenne è inconsapevolmente il protagonista di un programma tv sulla sua vita. The Truman Show
81%
1993 Un gruppo di persone partecipa ad un safari in un parco a tema dalle caratteristiche straordinarie. Jurassic Park
80%
1998 Durante la seconda Guerra Mondiale una squadra di soldati viene incaricata di salvare un loro compagno disperso. Salvate Il Soldato Ryan
77%
1990 Le vite di un affarista miliardario senza scrupoli e di una giovane prostituta si incrociano e prendono una via inaspettata. Pretty Woman
72%
1993 Un industriale tedesco rischia la vita per salvare migliaia di ebrei da un tragico destino. Schindler’s List
68%
1995 Un cowboy si sente minacciato dal nuovo arrivato: un astronauta super tecnologico. Toy Story
65%
1991 Una giovane recluta dell'FBI deve chiedere aiuto ad un ex psichiatra, rinchiuso in un manicomio criminale, per scovare un folle serial killer. Il Silenzio Degli Innocenti
62%
1990 Un ragazzo forgiato da uno scienziato con un paio di arti peculiari cerca di integrarsi in una società ostile alla sua diversità. EdwardMani Di Forbice
61%
1994 Un uomo con una disabilità psichica racconta la sua incredibile vita. Forrest Gump
59%
1993 Un uomo divorziato decide di travestirsi da domestica per stare vicino ai suoi figli. Mrs. Doubtfire
59%
1999 Di notte un programmatore di software diventa un abile hacker che vuole scoprire la verità su un mondo virtuale creato per tenere sotto controllo le persone. Matrix
56%
1994 Uno uomo ingiustamente condannato a due ergastoli, stringe amicizia con un altro detenuto e sperimenta le brutalità del carcere. Le Ali Della Libertà
47%
1999 Un rinomato psicologo si occupa del caso di un bambino di nove anni che afferma di vedere gli spiriti di persone morte. Il Sesto Senso
46%
1994 Le vite di due rapinatori, due sicari, un boss e sua moglie e un pugile si intrecciano in maniera atipica, all'insegna della violenza. Pulp Fiction
45%
1999 La vita monotona di un uomo sposato viene sconvolta dall'avvenente amica della figlia. American Beauty
37%
1992 Un detective che indaga su un caso di omicidio si invaghisce della principale sospettata, una scrittrice di successo dall'aspetto provocante e dai gusti perversi. Basic Instinct
33%
1997 L'incontro con un pittore gay e il suo cane e con una cameriera portano uno scrittore misantropo a rivedere il suo carattere insopportabile. Qualcosa È Cambiato
17%
1996 Un agente segreto, incolpato ingiustamente degli omicidi dei suoi compagni di squadra, deve fuggire dagli assassini inviati dal governo e scoprire chi l'ha incastrato. Mission Impossible
15%
1998 Un uomo dopo tanti anni decide di ritrovare la donna della sua vita. La concorrenza però è numerosa e spietata. Tutti Pazzi Per Mary
15%
Nessun quiz corrispondente trovato
Distribuzione punteggi
Percentuale di utenti per punteggio
Percentile per numero di risposta
I tuoi punteggi nel tempo
Non hai fatto questo quiz